<?xml version="1.0" encoding="UTF-8"?>
<collection xmlns="http://www.loc.gov/MARC21/slim">
 <record>
  <leader>01434nam a22003852  4500</leader>
  <controlfield tag="001">1780147260</controlfield>
  <controlfield tag="003">DE-627</controlfield>
  <controlfield tag="005">20211202140102.0</controlfield>
  <controlfield tag="007">tu</controlfield>
  <controlfield tag="008">211202s2018    pl |||||      00| ||pol c</controlfield>
  <datafield tag="020" ind1=" " ind2=" ">
   <subfield code="a">9788395291302</subfield>
   <subfield code="c">hbk.</subfield>
   <subfield code="9">978-83-952913-0-2</subfield>
  </datafield>
  <datafield tag="020" ind1=" " ind2=" ">
   <subfield code="a">8395291302</subfield>
   <subfield code="9">83-952913-0-2</subfield>
  </datafield>
  <datafield tag="035" ind1=" " ind2=" ">
   <subfield code="a">(DE-627)1780147260</subfield>
  </datafield>
  <datafield tag="035" ind1=" " ind2=" ">
   <subfield code="a">(DE-599)KXP1780147260</subfield>
  </datafield>
  <datafield tag="040" ind1=" " ind2=" ">
   <subfield code="a">DE-627</subfield>
   <subfield code="b">ger</subfield>
   <subfield code="c">DE-627</subfield>
   <subfield code="e">rda</subfield>
  </datafield>
  <datafield tag="041" ind1=" " ind2=" ">
   <subfield code="a">pol</subfield>
  </datafield>
  <datafield tag="044" ind1=" " ind2=" ">
   <subfield code="c">XA-PL</subfield>
  </datafield>
  <datafield tag="050" ind1=" " ind2="0">
   <subfield code="a">HM647</subfield>
  </datafield>
  <datafield tag="100" ind1="1" ind2=" ">
   <subfield code="a">Markowska, Anna</subfield>
   <subfield code="d">1962-</subfield>
   <subfield code="e">VerfasserIn</subfield>
   <subfield code="0">(DE-588)1140245562</subfield>
   <subfield code="0">(DE-627)898420547</subfield>
   <subfield code="0">(DE-576)493742026</subfield>
   <subfield code="4">aut</subfield>
  </datafield>
  <datafield tag="245" ind1="1" ind2="0">
   <subfield code="a">Sztuka podręczna Wrocławia</subfield>
   <subfield code="b">od rzeczy do wydarzenia</subfield>
   <subfield code="c">Anna Markowska ; ilustrował Paweł Jarodzki</subfield>
  </datafield>
  <datafield tag="264" ind1=" " ind2="1">
   <subfield code="a">Wrocław</subfield>
   <subfield code="b">Anex Wydawnictwo</subfield>
   <subfield code="c">2018</subfield>
  </datafield>
  <datafield tag="300" ind1=" " ind2=" ">
   <subfield code="a">323 pages</subfield>
   <subfield code="b">illustrations</subfield>
   <subfield code="c">25 cm</subfield>
  </datafield>
  <datafield tag="336" ind1=" " ind2=" ">
   <subfield code="a">Text</subfield>
   <subfield code="b">txt</subfield>
   <subfield code="2">rdacontent</subfield>
  </datafield>
  <datafield tag="337" ind1=" " ind2=" ">
   <subfield code="a">ohne Hilfsmittel zu benutzen</subfield>
   <subfield code="b">n</subfield>
   <subfield code="2">rdamedia</subfield>
  </datafield>
  <datafield tag="338" ind1=" " ind2=" ">
   <subfield code="a">Band</subfield>
   <subfield code="b">nc</subfield>
   <subfield code="2">rdacarrier</subfield>
  </datafield>
  <datafield tag="500" ind1=" " ind2=" ">
   <subfield code="a">Includes bibliographical references</subfield>
  </datafield>
  <datafield tag="650" ind1=" " ind2="4">
   <subfield code="a">Counterculture</subfield>
  </datafield>
  <datafield tag="650" ind1=" " ind2="4">
   <subfield code="a">Art, Modern</subfield>
  </datafield>
  <datafield tag="650" ind1=" " ind2="4">
   <subfield code="a">Essays</subfield>
  </datafield>
  <datafield tag="651" ind1=" " ind2="4">
   <subfield code="a">Poland ; Wrocław</subfield>
  </datafield>
  <datafield tag="700" ind1="1" ind2=" ">
   <subfield code="a">Jarodzki, Paweł</subfield>
   <subfield code="d">1958-</subfield>
   <subfield code="e">IllustratorIn</subfield>
   <subfield code="0">(DE-588)1095138979</subfield>
   <subfield code="0">(DE-627)855635290</subfield>
   <subfield code="0">(DE-576)462918270</subfield>
   <subfield code="4">ill</subfield>
  </datafield>
  <datafield tag="787" ind1="0" ind2="8">
   <subfield code="i">Rezensiert in</subfield>
   <subfield code="a">Okoń, Waldemar, 1953 - </subfield>
   <subfield code="t">[Rezension von: Anna Markowska, Sztuka podręczna Wrocławia]</subfield>
   <subfield code="d">2019</subfield>
   <subfield code="w">(DE-627)1687880190</subfield>
  </datafield>
  <datafield tag="951" ind1=" " ind2=" ">
   <subfield code="a">BO</subfield>
  </datafield>
  <datafield tag="991" ind1=" " ind2=" ">
   <subfield code="a">Rezensiertes Werk</subfield>
  </datafield>
  <datafield tag="999" ind1=" " ind2=" ">
   <subfield code="a">KXP-PPN1780147260</subfield>
   <subfield code="e">4014776816</subfield>
  </datafield>
 </record>
</collection>
